000 00341nam a22001453 4500
001 207000
005 20250912112856.0
090 _a207000
100 _a20250912 ukry50
101 _aukr
102 _aUA
200 _a
210 _d2025
801 _2unimarc
_aUA
_gpsbo
942 _cNEWSPAPER